000 00495nam a2200193Ia 4500
003 0100
008 130303s9999 xx 000 0 und d
040 _cARRUPELIB
050 _aBX830.1962A2K95 1964
245 _aCouncil Speeches of Vatican II
260 _aNew Jersey
260 _bPaulist Press
260 _C1964
300 _a288p.
300 _b 19cm.
650 _bTeilhard de Chardin, Pierre
700 _aKung, Hans ;Congar, Yves ; O'Hanlon, Daniel (eds.)
942 _2lcc
_01
999 _c58416
_d58416